000 01063cam a22002774a 4500
001 16612461
003 NUST - PNEC
005 20170116181159.0
008 110114s2012 enka bf 001 0 eng
010 _a 2010054118
020 _a9780195389715 (acidfree paper)
040 _cLIBRARY
082 0 0 _a616.85/84 GRA
_222
100 _916268
_aGrant, Jon E.
245 0 4 _aThe Oxford handbook of impulse control disorders
_cedited by Jon E. Grant, Marc N. Potenza.
260 _aOxford
_aNew York
_bOxford University Press
_cc2012.
300 _axvii, 573 p. :
_bill. ;
_c26 cm.
490 1 _aOxford library of psychology
650 0 _aImpulse control disorders
_vHandbooks, manuals, etc.
_xGeneral
650 0 _aCompulsive behavior
_vHandbooks, manuals, etc.
700 1 _aGrant, Jon E.
700 1 _aPotenza, Marc N.,
_d1965-
830 0 _aOxford library of psychology.
856 _uhttp://www.amazon.com/Handbook-Impulse-Control-Disorders-Psychology/dp/0195389719/ref=sr_1_1?ie=UTF8&qid=1454903678&sr=8-1&keywords=9780195389715
942 _2ddc
_cBK
999 _c71389
_d71389